| 000 | 00531nam a2200181Ia 4500 | ||
|---|---|---|---|
| 005 | 20250923145355.0 | ||
| 008 | 008 250917s9999 xx 000 0 eng d | ||
| 037 | _aTextual | ||
| 040 |
_aDSWL _beng _cDSWL |
||
| 041 |
_aeng _2eng |
||
| 084 |
_aY31:1:12-2'N5, N6;4 _qDSWL |
||
| 100 |
_aDube, S.C. _9834614 |
||
| 245 | 0 |
_aIndian Village _c by S.C. Dube |
|
| 260 |
_aLondon _bRoutledge and Kegan Paul _c1955 |
||
| 300 | _axii,248,ii p. | ||
| 942 |
_cTEXL _hY31:1:12-2'N5, N6;4 |
||
| 999 |
_c1450589 _d1450589 |
||